Geography Quiz

Random Geography or Flags Quiz

Flag Colors Quiz Stats

 Plays Quiz Updated Jan 13, 2021

     
Support Sporcle.
Go Orange.
Score 0/20 Timer 05:00
18 Plays Today
Country Colors % Correct
CanadaRed and White
92.9%
ChinaYellow and Red
89.1%
GermanyBlack Red and Gold
86.1%
IsraelBlue and White
84.7%
JamaicaGreen Gold and Black
74.8%
AustriaRed and White
73.3%
New ZealandRed White and Blue
71.1%
ArgentinaBlue White and Yellow (and black)
67.1%
ColombiaYellow Blue and Red
59.7%
NigeriaGreen and White
58%
Country Colors % Correct
EstoniaBlue Black and White
54.1%
AlgeriaRed White and Green
51.6%
BangladeshGreen and Red
50.3%
VietnamRed and Yellow
50%
ThailandRed White and Blue
49.7%
IndonesiaRed and White
48.6%
KazakhstanYellow and Blue
45.9%
ArmeniaBlue Red and Orange
44.8%
YemenRed White and Black
34.3%
MalawiBlack Red and Green
27.6%

From the Vault

8 Scenes, 1 Movie! XIV

by BigAl1994

Movies 10m
Now we're curious as to what 8 movies containing 1 scene might look like.
Remove Ads.
Support Sporcle.
Get the best of Sporcle when you Go Orange. This ad-free experience offers more features, more stats, and more fun while also helping to support Sporcle. Thank you for becoming a member.

Show Comments

Extras

Top Quizzes Today


Score Distribution

Your Account Isn't Verified!

In order to create a playlist on Sporcle, you need to verify the email address you used during registration. Go to your Sporcle Settings to finish the process.

Report this User

Report this user for behavior that violates our Community Guidelines.

Details: